000 004470000a22001810004500
003 MACL
005 20150902153831.0
008 150902b xxu||||| |||| 00| 0 eng d
040 _aMACL
_cMACL
041 _aEnglish
082 _a800/SIN
100 _aSingh, R A
_9424
245 _aPerspective on Indian Writing in English
260 _bBook Enclave
_c2007
_aJaipur
350 _a595
650 _aLiterature
_98666
942 _cBK
_k800/SIN
_2ddc
999 _c42926
_d42926